| 000 | 00779nam a22002177a 4500 | ||
|---|---|---|---|
| 999 |
_c2370 _d2370 |
||
| 003 | AR-CdUCM | ||
| 008 | 190304b ||||| |||| 00| 0 spa d | ||
| 040 |
_aMUNICIPALIDAD PROVINCIAL DEL CUSCO _cBIBLIOTECA MUNICIPAL DEL CUSCO |
||
| 082 |
_22ed. _a373.1 / _bG27 |
||
| 100 |
_aMaria, Gaston _98517 |
||
| 245 | _aMetodología general / | ||
| 260 |
_aLima : _bSanmarti y cia, _c1944. |
||
| 300 |
_a198 páginas ; _c20 cm. |
||
| 440 |
_aG.M. Bruño _98518 |
||
| 505 | _aContenido: La metodología -- La didáctica -- La inducción y la deducción -- El análisis y la sintesis -- Principio de la metodología didáctica... | ||
| 650 |
_aEnseñanza _91616 |
||
| 650 |
_aMetodología moderna _98519 |
||
| 650 |
_aSistemas de aprendizaje _98520 |
||
| 942 |
_2ddc _cLIBROS |
||
| 945 | _aafb | ||